00497nam a2200145Ia 4500008004100000082002000041100002400061245007300085260003300158300001100191440005000202500004900252650001700301700003300318120622s9999 xx 000 0 und d a500 C569l T475f aThompson, Philip D. aFenómenos atmosféricos / por Philip D. Thompson, Robert O´Brien aMéxico : Offset Multicolor a200 p. aColección científica de Life en español aIncluye bibliografía e índice temático a1. ATMOSFERA aO´Brien, Robert ; coaut.Ì